000 00572cam a22002171 4500
001 sa 66002958
003 DLC
005 20260227112232.0
008 900122s1962 ii 000 0 tamo
010 _asa 66002958
035 _a(OCoLC)20941336
040 _aDLC
_cWaU
_dDLC
050 0 0 _aPL4758.2
_b.J3
100 1 _aCeyarāman̲, Na. Vī.
_q(Nan̲n̲ilam Vīrappa),
_d1934-
245 1 0 _aCatakaṅkaḷin̲ cir̲appu.
260 _c[1962]
300 _a207 p.
_c19 cm.
500 _aIn Tamil.
504 _aBibliography : p. [205]-207.
650 0 _aTamil poetry.
999 _c68632
_d68632